| 000 | 00514nam a2200169 a 4500 | ||
|---|---|---|---|
| 001 | 000025645 | ||
| 005 | 20200930023935.0 | ||
| 008 | 110218s1961 xxc r 000 0 eng d | ||
| 040 |
_aDO-SdBNP _beng _cBNPHU |
||
| 082 |
_ann* _bnn* |
||
| 100 | 1 |
_aRoss, Murray G. _952380 |
|
| 245 | 1 | 4 |
_aThe new university / _cMurray G. Ross. |
| 260 |
_aCanada : _bUniversity of Toronto Press, _c1961. |
||
| 300 |
_a110 p. ; _c22 cm. |
||
| 500 | _aIncluye referencias bibliográficas y notas al pie de las páginas. | ||
| 049 | _aBNGR | ||
| 999 |
_c25137 _d25137 |
||